Human resource development :processes, practices and perspectives / (Record no. 2171)

000 -LEADER
fixed length control field 02389cam a2200361 a 4500
001 - CONTROL NUMBER
control field 16921320
003 - CONTROL NUMBER IDENTIFIER
control field OSt
005 - DATE AND TIME OF LATEST TRANSACTION
control field 20160623131051.0
008 - FIXED-LENGTH DATA ELEMENTS--GENERAL INFORMATION
fixed length control field 110816s2011 enk b 001 0 eng
010 ## - LIBRARY OF CONGRESS CONTROL NUMBER
LC control number 2011034104
020 ## - INTERNATIONAL STANDARD BOOK NUMBER
International Standard Book Number 9780230247109 (pbk.)
040 ## - CATALOGING SOURCE
Original cataloging agency DLC
Transcribing agency DLC
Modifying agency DLC
042 ## - AUTHENTICATION CODE
Authentication code pcc
050 00 - LIBRARY OF CONGRESS CALL NUMBER
Classification number HF5549.5.G46 2011
082 00 - DEWEY DECIMAL CLASSIFICATION NUMBER
Classification number 658.3/124
Edition number 23
084 ## - OTHER CLASSIFICATION NUMBER
Classification number BUS030000
-- BUS097000
-- BUS103000
Source of number bisacsh
100 1# - MAIN ENTRY--PERSONAL NAME
Personal name Gibb, Stephen.
245 10 - TITLE STATEMENT
Title Human resource development :processes, practices and perspectives /
Statement of responsibility, etc Stephen Gibb.
250 ## - EDITION STATEMENT
Edition statement 3rd ed.
260 ## - PUBLICATION, DISTRIBUTION, ETC. (IMPRINT)
Place of publication, distribution, etc Houndmills, Basingstoke, Hampshire ;
-- New York :
Name of publisher, distributor, etc Palgrave Macmillan,
Date of publication, distribution, etc 2011.
300 ## - PHYSICAL DESCRIPTION
Extent 436 p. ;
Dimensions 25 cm.
504 ## - BIBLIOGRAPHY, ETC. NOTE
Bibliography, etc Includes bibliographical references (p. 425-434) and index.
505 8# - FORMATTED CONTENTS NOTE
Formatted contents note Machine generated contents note: -- Introduction to Human Resource Development -- PART I: PROCESS -- HRD Needs: People, Work and Organisations -- Designing for HRD: Principle and Applications -- Managing Workplace HRD in Action -- HRD Quality: Reviewing and Evaluating -- HRD and Theory -- PART II: PRACTICES -- HRD Strategies: Systems, Roles and Outcomes -- Development Partnerships: Coaching and Mentoring -- Learning in Groups -- Technology Change and HRD -- HRD Provider Organisations -- PART III: PERSPECTIVES -- Workplace HRD and Public Policy -- Knowledge Management and Communities of Practice -- Diversity Themes and HRD -- Strategic HRD -- Looking Ahead.
520 ## - SUMMARY, ETC.
Summary, etc "The newest edition of this highly successfuly book provides a complete and integrated introduction to the processes, practices and perspectives of HRD in the workplace from a theory and practice perspective. Various aspects of HRD at work are explored through case studies, encouraging the student to link the practicalities of HRD with academic analysis"--
650 #0 - SUBJECT ADDED ENTRY--TOPICAL TERM
Topical term or geographic name as entry element Employees
General subdivision Training of.
650 #7 - SUBJECT ADDED ENTRY--TOPICAL TERM
Topical term or geographic name as entry element BUSINESS & ECONOMICS / Human Resources & Personnel Management
Source of heading or term bisacsh.
650 #7 - SUBJECT ADDED ENTRY--TOPICAL TERM
Topical term or geographic name as entry element BUSINESS & ECONOMICS / Workplace Culture
Source of heading or term bisacsh.
650 #7 - SUBJECT ADDED ENTRY--TOPICAL TERM
Topical term or geographic name as entry element BUSINESS & ECONOMICS / Organizational Development
Source of heading or term bisacsh.
856 42 - ELECTRONIC LOCATION AND ACCESS
Materials specified Cover image
Uniform Resource Identifier <a href="http://www.netread.com/jcusers2/bk1388/109/9780230247109/image/lgcover.9780230247109.jpg">http://www.netread.com/jcusers2/bk1388/109/9780230247109/image/lgcover.9780230247109.jpg</a>
906 ## - LOCAL DATA ELEMENT F, LDF (RLIN)
a 7
b cbc
c orignew
d 1
e ecip
f 20
g y-gencatlg
942 ## - ADDED ENTRY ELEMENTS (KOHA)
Source of classification or shelving scheme
Koha item type Book
Holdings
Withdrawn status Lost status Source of classification or shelving scheme Damaged status Not for loan Home library Current library Shelving location Date acquired Total Checkouts Full call number Barcode Date last seen Copy number Price effective from Koha item type
          Riara University Library Riara University Library General stack 23/06/2016   HF5549.5.G46 2011 7184/16 19/12/2017 C.1 23/06/2016 Book

Riara University Library,
P.O. Box 49940-00100,
Nairobi, Kenya.